[Event "US Masters op"]
[Site "Greensboro"]
[Date "2019.08.24"]
[Round "6"]
[White "Martinez, Isaac C"]
[Black "Cezila, Rubens Jr"]
[Result "0-1"]
[WhiteElo "2074"]
[BlackElo "2165"]
[PlyCount "54"]
[EventDate "2019.08.21"]
[EventType "swiss"]
[EventRounds "9"]
[EventCountry "USA"]
[SourceTitle "EXT 2020"]
[Source "ChessBase"]
[SourceDate "2019.10.17"]
[SourceVersion "1"]
[SourceVersionDate "2019.10.17"]
[SourceQuality "1"]

1. c4 e5 2. g3 h5 3. h4 Nc6 4. Bg2 Bc5 5. Nc3 d6 6. d3 Nge7 7. Nf3 Bg4 8. a3 a5 9. b3 0-0 10. 0-0 f5 11. Bg5 Qd7 12. Qd2 Rae8 13. e3 Ba7 14. Nh2 f4 15. exf4 Nd4 16. Rab1 exf4 17. Bxf4 Ng6 18. Be3 Nf3+ 19. Nxf3 Bxf3 20. Bxa7 Bxg2 21. Rfe1 Bf3 22. Re3 Qh3 23. Rxf3 Rxf3 24. Qg5 Ne5 25. Re1 Rf5 26. f4 Rxg5 27. hxg5 Nf3+ 0-1

[Event "US Masters op"]
[Site "Greensboro"]
[Date "2018.08.19"]
[Round "5"]
[White "Martinez, Isaac C"]
[Black "Park, Evan"]
[Result "1-0"]
[WhiteElo "2158"]
[BlackElo "2003"]
[PlyCount "112"]
[EventDate "2018.08.17"]
[EventType "swiss"]
[EventRounds "9"]
[EventCountry "USA"]
[SourceTitle "CBM 186 Extra"]
[Source "ChessBase"]
[SourceDate "2018.08.24"]
[SourceVersion "1"]
[SourceVersionDate "2018.08.24"]
[SourceQuality "1"]

1. c4 e6 2. Nc3 d5 3. e3 Nf6 4. Nf3 Be7 5. b3 0-0 6. Bb2 c5 7. cxd5 exd5 8. d4 Nc6 9. Be2 Be6 10. 0-0 Rc8 11. dxc5 Bxc5 12. Nb5 a6 13. Nbd4 Ne4 14. Rc1 Qd6 15. Nxc6 Rxc6 16. Nd4 Rcc8 17. Bd3 Rfd8 18. Bb1 Ba3 19. Bxe4 Bxb2 20. Rxc8 Rxc8 21. Bxh7+ Kh8 22. Nxe6 Qxe6 23. Qb1 Rc1 24. Rxc1 Bxc1 25. Qxc1 Kxh7 26. Qc2+ g6 27. h4 Qe5 28. Qd1 Qf5 29. g3 Kg8 30. Kg2 Qe4+ 31. Qf3 Qe5 32. Qf4 Qe7 33. Qg4 Qe5 34. h5 Kh7 35. hxg6+ fxg6 36. Qf4 Qe6 37. Qc7+ Kh6 38. Kg1 b6 39. Qb8 g5 40. Qb7 a5 41. Qc7 Qf6 42. a3 d4 43. exd4 Qxd4 44. Qc6+ Kg7 45. Qc1 Kh6 46. a4 Kg6 47. Qe3 Qd1+ 48. Kg2 Qd5+ 49. f3 Qd6 50. Qe4+ Kh6 51. Qf5 Qd8 52. Kh3 Qe7 53. Kg4 Qd8 54. Qe6+ Kh7 55. Kh5 Qf8 56. Qg6+ Kh8 1-0

[Event "Titled Tuesday intern op 5th June"]
[Site "Chess.com INT"]
[Date "2018.06.05"]
[Round "5"]
[White "Martinez, Isaac C"]
[Black "Maly, Alexey"]
[Result "0-1"]
[WhiteElo "2158"]
[BlackElo "2343"]
[PlyCount "126"]
[EventDate "2018.06.05"]
[EventType "swiss (blitz)"]
[EventRounds "10"]
[EventCountry "USA"]
[SourceTitle "EXT 2021"]
[Source "ChessBase"]
[SourceDate "2020.10.23"]
[SourceVersion "1"]
[SourceVersionDate "2020.10.23"]
[SourceQuality "1"]

1. d4 d5 2. c4 dxc4 3. Nf3 Nf6 4. e3 e6 5. Bxc4 a6 6. a4 c5 7. 0-0 Nc6 8. Nc3 cxd4 9. exd4 Nb4 10. Bg5 Be7 11. Qe2 0-0 12. Rad1 Nfd5 13. Bxe7 Nxe7 14. Ne5 Nbd5 15. Bxd5 Nxd5 16. Ne4 b6 17. Qh5 Nf6 18. Nxf6+ Qxf6 19. Rd3 g6 20. Qh6 Qg7 21. Qh4 f6 22. Nc4 b5 23. axb5 axb5 24. Nb6 Rb8 25. Nxc8 Rfxc8 26. d5 exd5 27. Rxd5 Rd8 28. Qd4 Qe7 29. Rd1 Rxd5 30. Qxd5+ Kg7 31. h3 Rb7 32. Qc6 b4 33. Rd6 Qe1+ 34. Kh2 Re7 35. Qf3 Qe5+ 36. Qg3 Qxb2 37. Rb6 Qd4 38. Rb8 Qc4 39. Qg4 Qc7+ 40. Qg3 Qc4 41. Qg4 Qxg4 42. hxg4 Re4 43. Rb7+ Kh6 44. Kg3 Rc4 45. f3 f5 46. gxf5 gxf5 47. Rb6+ Kg5 48. Rb7 f4+ 49. Kh3 h6 50. Rb5+ Kg6 51. Kg4 Kf6 52. Rb6+ Ke5 53. Rxh6 Kd4 54. Rb6 Kc3 55. g3 fxg3+ 56. Kxg3 b3 57. f4 b2 58. Rxb2 Kxb2 59. Kg4 Kc3 60. Kg5 Kd4 61. f5 Ke5 62. f6 Rf4 63. f7 Rxf7 0-1

[Event "Titled Tuesday intern op 5th Jan"]
[Site "Chess.com INT"]
[Date "2016.01.05"]
[Round "2"]
[White "Martinez, Isaac C"]
[Black "Oragwu, Chukwunonso"]
[Result "1-0"]
[WhiteElo "2125"]
[BlackElo "2254"]
[PlyCount "73"]
[EventDate "2016.01.05"]
[EventType "swiss (blitz)"]
[EventRounds "9"]
[EventCountry "USA"]
[SourceTitle "EXT 2021"]
[Source "ChessBase"]
[SourceDate "2020.10.23"]
[SourceVersion "1"]
[SourceVersionDate "2020.10.23"]
[SourceQuality "1"]

1. e4 c5 2. Nc3 d6 3. g3 Nf6 4. Bg2 g6 5. d3 Bg7 6. Nge2 0-0 7. 0-0 Nc6 8. h3 a6 9. a4 Rb8 10. f4 Ne8 11. Be3 b5 12. axb5 axb5 13. Qd2 Nc7 14. g4 Ne6 15. f5 Ned4 16. Ng3 b4 17. Nd5 b3 18. c3 Nc2 19. Bh6 Nxa1 20. Rxa1 Bd7 21. Qg5 f6 22. Qe3 e6 23. Bxg7 Kxg7 24. fxe6 Bxe6 25. Nf4 Bf7 26. h4 Ra8 27. Rf1 Ne5 28. g5 fxg5 29. hxg5 Kg8 30. Nh3 Ra2 31. d4 Nc4 32. Qc1 Nxb2 33. e5 dxe5 34. dxe5 Qe7 35. Qe3 Bc4 36. Rxf8+ Kxf8 37. Ne4 1-0

[Event "US Open-116"]
[Site "Phoenix"]
[Date "2015.08.08"]
[Round "8"]
[White "Van Dyke, Patrick"]
[Black "Martinez, Isaac C"]
[Result "0-1"]
[WhiteElo "1876"]
[BlackElo "2125"]
[PlyCount "98"]
[EventDate "2015.08.01"]
[EventType "swiss"]
[EventRounds "9"]
[EventCountry "USA"]
[SourceTitle "CBM 167 Extra"]
[Source "ChessBase"]
[SourceDate "2015.09.14"]
[SourceVersion "1"]
[SourceVersionDate "2015.09.14"]
[SourceQuality "1"]

1. e4 c5 2. Nc3 g6 3. g3 Bg7 4. Bg2 Nc6 5. d3 Nf6 6. f4 d6 7. Nf3 Bg4 8. h3 Bxf3 9. Qxf3 0-0 10. 0-0 Rb8 11. g4 Nd7 12. f5 b5 13. Kh1 b4 14. Nd5 e6 15. Nf4 Qh4 16. Qd1 Nd4 17. Be3 exf5 18. exf5 gxf5 19. g5 Rfe8 20. Qd2 Be5 21. c3 bxc3 22. bxc3 Ne6 23. d4 cxd4 24. cxd4 Bg7 25. Nd5 Bxd4 26. Rad1 Rb2 27. Qc1 Qg3 28. Rd2 Be5 29. Bf4 Nxf4 30. Rf3 Ne2 31. Rxg3 Nxc1 32. Rxb2 Bxg3 33. Bf3 Kg7 34. Rb7 Ne5 35. Nf6 Rc8 36. Bd5 Ne2 37. Kg2 f4 38. Rb2 Nd4 39. Be4 Nc4 40. Rb1 Nd2 41. Nh5+ Kh8 42. Rd1 Nxe4 43. Rxd4 Rc2+ 44. Kf3 Nxg5+ 45. Kg4 Ne6 46. Rxd6 h6 47. Rd7 Rc7 48. Rd2 Kh7 49. Rd5 Rc5 0-1